Microbiología
| Main Author: | |
|---|---|
| Format: | Section = Libro |
| Language: | Undetermined Spanish |
| Published: |
México
McGraw-Hill
2000
|
| Subjects: |
| LEADER | 00431nam a2200181Ia 4500 | ||
|---|---|---|---|
| 008 | 240830s9999 xx 000 0 und d | ||
| 020 | |a 970-10-1955-5 | ||
| 040 | |a CEDOC FIQ-RUSB / 576 W184 | ||
| 041 | |a spa | ||
| 082 | |a 576 W184 | ||
| 100 | 1 | |a Walker, T. Stuart | |
| 245 | 1 | 0 | |a Microbiología |
| 260 | |a México |b McGraw-Hill |c 2000 | ||
| 300 | |a 532 p. :il | ||
| 650 | 7 | |a MICROBIOLOGIA | |
| 942 | |c BK |2 ddc | ||
| 991 | |a TEXTO | ||
| 999 | |c 13603 | ||